Statistics for Rhode Island T. F. Green Int. Destinations (Providence, RI, USA)

Click here to take the quiz!

General Stats

  • This quiz has been taken 26 times
    (7 since last reset)
  • The average score is 22 of 37

Answer Stats

AirlineDestination% Correct
Delta Air LinesAtlanta
100%
American Airlines/American EagleCharlotte
83%
Southwest AirlinesChicago (Midway)
83%
American Airlines/American Eagle/United Airlines/United ExpressChicago (O'Hare)
83%
Delta Air Lines/Delta ConnectionDetroit
83%
Delta Air Lines/Sun Country AirlinesMinneapolis/St. Paul
83%
Delta ConnectionNew York (LaGuardia)
83%
Breeze Airways/JetBlue/Southwest AirlinesOrlando
83%
Breeze AirwaysRaleigh/Durham
83%
Breeze Airways/Southwest AirlinesTampa
83%
Southwest AirlinesBaltimore
67%
Breeze AirwaysLos Angeles
67%
American EagleMiami
67%
Allegiant AirNashville
67%
United ExpressNewark
67%
American EaglePhiladelphia
67%
United ExpressWashington (Dulles)
67%
American Airlines/American Eagle/Southwest AirlinesWashington (National)
67%
JetBlue/Southwest AirlinesWest Palm Beach
67%
Breeze AirwaysCharleston (SC)
50%
Allegiant Air/Breeze AirwaysCincinnati
50%
Breeze AirwaysColumbus (Glenn)
50%
Breeze Airways/Southwest AirlinesDenver
50%
JetBlue/Southwest AirlinesFort Lauderdale
50%
Breeze Airways/Southwest AirlinesFort Myers
50%
Breeze AirwaysJacksonville (FL)
50%
Breeze AirwaysMyrtle Beach
50%
Breeze AirwaysPittsburgh
50%
Breeze Airways/Southwest AirlinesSarasota
50%
Breeze AirwaysSavannah
50%
Breeze AirwaysGreenville/Spartanburg
33%
Breeze AirwaysNorfolk
33%
Southwest AirlinesDallas (Love)
17%
Allegiant AirPunta Gorda (FL)
17%
Sky HighSantiago de los Caballeros
17%
Sky HighSanto Domingo (Las Americas)
17%
Breeze AirwaysVero Beach
17%

Score Distribution

Percentile by Number Answered

Percent of People with Each Score

Your Score History

You have not taken this quiz since the last reset